[Event "VIE-ch U13"]
[Site "Ho Chi Minh City"]
[Date "2014.07.17"]
[Round "7"]
[White "Phan, Nguyen Dang Khoa"]
[Black "Nguyen, Duy Quang"]
[Result "0-1"]
[WhiteElo "1782"]
[BlackElo "1771"]
[PlyCount "86"]
[EventDate "2014.07.13"]
[EventType "swiss"]
[EventRounds "9"]
[EventCountry "VIE"]
[SourceTitle "EXT 2016"]
[Source "ChessBase"]
[SourceDate "2015.10.08"]
[SourceVersion "1"]
[SourceVersionDate "2015.10.08"]
[SourceQuality "1"]

1. e4 e5 2. Nf3 Nc6 3. d4 exd4 4. Bc4 Bc5 5. c3 dxc3 6. Bxf7+ Kxf7 7. Qd5+ Kf8 8. Qxc5+ d6 9. Qxc3 Nf6 10. Bg5 Bg4 11. Nbd2 Bxf3 12. Qxf3 Ne5 13. Qg3 h6 14. Bf4 Nh5 15. Qe3 Nxf4 16. Qxf4+ Qf6 17. Qg3 Nc6 18. Rb1 Nd4 19. 0-0 Ne2+ 20. Kh1 Nxg3+ 21. fxg3 Qxf1+ 22. Rxf1+ Ke7 23. Nc4 Rhf8 24. Re1 Rf2 25. Kg1 Rc2 26. Na5 b6 27. Nb3 Rxb2 28. Nc1 Rf8 29. Kh1 Rff2 30. Nd3 Rfe2 31. Rc1 Rbc2 32. Rg1 Rxe4 33. a3 Rd4 34. Nb4 Rc3 35. Rb1 a5 36. Re1+ Kf7 37. Rf1+ Kg8 38. Na6 Rdc4 39. Kg1 Rc1 40. Rxc1 Rxc1+ 41. Kf2 Rc3 42. a4 Rc4 43. Kf3 Rxa4 0-1

[Event "VIE-ch U13"]
[Site "Ho Chi Minh City"]
[Date "2014.07.13"]
[Round "2"]
[White "Nguyen, Duy Quang"]
[Black "Dao, Anh Hao"]
[Result "1/2-1/2"]
[WhiteElo "1771"]
[BlackElo "1795"]
[PlyCount "71"]
[EventDate "2014.07.13"]
[EventType "swiss"]
[EventRounds "9"]
[EventCountry "VIE"]
[SourceTitle "EXT 2016"]
[Source "ChessBase"]
[SourceDate "2015.10.08"]
[SourceVersion "1"]
[SourceVersionDate "2015.10.08"]
[SourceQuality "1"]

1. d4 Nf6 2. c4 d6 3. Nc3 g6 4. e4 Bg7 5. Bf4 0-0 6. Nf3 b6 7. Bd3 Bb7 8. Qd2 Re8 9. Bh6 Bh8 10. h3 c5 11. dxc5 dxc5 12. Rd1 Nc6 13. 0-0 Qc7 14. Qc2 Rad8 15. a3 a6 16. Nh4 Nd4 17. Qb1 Nd7 18. Nd5 Bxd5 19. exd5 e5 20. dxe6 Rxe6 21. f4 f5 22. Rde1 Rde8 23. Rxe6 Rxe6 24. Re1 Qd6 25. Rxe6 Qxe6 26. Kf1 Qe3 27. Qd1 Ne6 28. Qe2 Qxe2+ 29. Kxe2 Bxb2 30. a4 Bf6 31. Nf3 Nb8 32. g4 fxg4 33. hxg4 Nc6 34. f5 Ned4+ 35. Nxd4 Nxd4+ 36. Ke3 1/2-1/2